<?xml version="1.0" encoding="UTF-8"?>
<collection xmlns="http://www.loc.gov/MARC21/slim">
  <record>
    <leader>00000nam  2200000   4500</leader>
    <controlfield tag="001">INLIS000000000020171</controlfield>
    <controlfield tag="005">20250523035618</controlfield>
    <datafield tag="035" ind1="#" ind2="#">
      <subfield code="a">0010-0525000254</subfield>
    </datafield>
    <controlfield tag="007">ta</controlfield>
    <controlfield tag="008">250523################|##########|#|##</controlfield>
    <datafield tag="084" ind1="#" ind2="#">
      <subfield code="a">R 0107 PKN II 2024</subfield>
    </datafield>
    <datafield tag="100" ind1=" " ind2="#">
      <subfield code="a">Ajeng Arum Sari</subfield>
    </datafield>
    <datafield tag="245" ind1="1" ind2="#">
      <subfield code="a">Cakra Inovasi Pendanaan Untuk Akselerasi Ekonomi Berbasis Pengetahuan /</subfield>
      <subfield code="c">Ajeng Arum Sari</subfield>
    </datafield>
    <datafield tag="250" ind1="#" ind2="#">
      <subfield code="a">1</subfield>
    </datafield>
    <datafield tag="260" ind1="#" ind2="#">
      <subfield code="a">Jakarta :</subfield>
      <subfield code="b">Pusbangkom Pimnas,</subfield>
      <subfield code="c">2024</subfield>
    </datafield>
    <datafield tag="300" ind1="#" ind2="#">
      <subfield code="a">220 :</subfield>
      <subfield code="b">ilus ;</subfield>
      <subfield code="c">29 x 21 x 1,5</subfield>
    </datafield>
    <datafield tag="650" ind1="#" ind2="4">
      <subfield code="a">Inovasi</subfield>
    </datafield>
    <datafield tag="520" ind1="#" ind2="#">
      <subfield code="a">Peraturan Presiden Republik Indonesia Nomor 78 Tahun 2021 tentang&#13;
Badan Riset dan Inovasi Nasional mengamanatkan Badan Riset dan&#13;
Inovasi Nasional (BRIN) sebagai penyelenggara tugas pemerintahan di&#13;
bidang penelitian, pengembangan, pengkajian, dan penerapan, serta&#13;
invensi dan inovasi, penyelenggaraan ketenaganukliran, dan&#13;
penyelenggaraan keantariksaan secara nasional yang terintegrasi. Salah&#13;
satu fungsi BRIN adalah sebagai lembaga pemberi dana yang terbuka&#13;
bagi seluruh pihak untuk memperkuat ekosistem riset dan inovasi&#13;
nasional. Saat ini total belanja riset nasional berkisar 0,1% pada tahun&#13;
2022, dimana proporsi belanja riset sektor pemerintah masih dominan, yaitu&#13;
mencapai 66 persen dari agregat belanja riset nasional. Apabila kita&#13;
menganggap riset adalah penopang utama aktivitas ekonomi yang&#13;
dilakukan swasta, maka seharusnya anggaran riset bersumber dari swasta&#13;
(bisnis). Tujuan utama proyek perubahan ini adalah menyediakan&#13;
program pendanaan riset nasional dari aspek kebijakan,&#13;
kelembagaan, dan program pendanaan yang melibatkan industri/swasta&#13;
sehingga dapat menaikkan anggaran riset nasional dan mengakselerasi&#13;
ekonomi berbasis pengetahuan. Secara keseluruhan proyek perubahan&#13;
di milestone jangka pendek telah dilaksanakan seluruhnya, bahkan&#13;
sebagian besar kegiatan yang semula direncanakan untuk jangka&#13;
menengah telah berhasil diselesaikan lebih cepat dan dapat ditarik ke&#13;
jangka pendek. Output kunci yang berhasil didapatkan meliputi policy brief,&#13;
Memorandum of Understanding (MoU) antara BRIN – Tubitak Turki, MoU&#13;
antara BRIN – MIGHT Malaysia, Grant Guideline BRIN KONEKSI Joint Call&#13;
for Proposal, Pedoman Pusat Kolaborasi Riset, Naskah Urgensi&#13;
Rancangan Peraturan BRIN tentang Tata Kelola Pendanaan Riset dan&#13;
Inovasi, draft Peraturan BRIN tentang Tata Kelola Pendanaan Riset dan&#13;
Inovasi, launching Joint Call BRIN – KONEKSI, launching Pusat Kolaborasi&#13;
Riset Industri, temu bisnis antara industri kesehatan, dan periset sistem&#13;
informasi data hasil riset RIIM Kompetisi Gelombang 1. Keberhasilan&#13;
proyek perubahan ini akan menjadi tonggak baru dalam skema&#13;
pendanaan riset nasional bahwa anggaran riset yang awalnya&#13;
didominasi oleh APBN akan beralih sumber menjadi dana eksternal&#13;
dimana di jangka pendek ini didapatkan perolehan dana eksternal&#13;
dengan komitmen Lembaga pemberi dana sebesar Rp. 242.859.445.000.&#13;
Selain itu, BRIN akan menjadi benchmarking bagi lembaga pemberi&#13;
dana negara-negara lain karena sukses menjalankan peran sebagai&#13;
lembaga aktivitas riset dan lembaga pemberi dana riset.</subfield>
    </datafield>
    <datafield tag="856" ind1="#" ind2="#">
      <subfield code="a">Perpustakaan Pusat LAN</subfield>
    </datafield>
    <datafield tag="990" ind1="#" ind2="#">
      <subfield code="a">2024/1.2,2/A/0107</subfield>
    </datafield>
  </record>
</collection>
